000 00920nam a22002417a 4500
999 _c16892
_d16892
003 AR-CdUCM
008 190506b ||||| |||| 00| 0 spa d
040 _aMUNICIPALIDAD PROVINCIAL DEL CUSCO
_cBIBLIOTECA MUNICIPAL DEL CUSCO
041 _heng
082 _22ed.
_a338.91 /
_bAS81
100 _aAston, T. S.
_936621
245 _aLa revolución industrial /
260 _aMéxico :
_bFondo de Cultura Económica,
_c1954.
300 _a155 páginas ;
_c17.5 cm.
440 _aBreviarios del fondo de Cultura Económica.
_n25
_936622
505 _aContenido: Las formas primitivas de la industria -- Las innovaciones técnicas -- Capital y trabajo -- Individualismo -- El curso de la evolución económica.
650 _aIndustrias
_94471
650 _aEconómia
_9382
650 _aDesarrollo
_92021
700 _aCuevas Cancino, Francisco (traducción)
_936623
942 _2ddc
_cLIBROS
945 _aachl
_d2019-05-06